000 00939cam a2200277 a 4500
003 CO-ViMGA
005 20230915224038.0
008 030122s2003 ck a jr 00011dspa d
020 _a9580471606
040 _aCO-ViMGA
_bspa
_cCO-ViMGA
043 _as-ec---
090 _aHERam
100 1 _aHeredia, María Fernanda,
_d1970-
_92740
245 1 0 _aAmigo se escribe con H /
_cMaría Fernanda Heredia ; ilustraciones de Carlos Manuel Díaz.
250 _aEdición Cristina Puerta.
260 _aBogotá :
_bGrupo Editorial Norma,
_c2003.
300 _a134 p. :
_bil. ;
_c19 cm.
490 _aColeccion Torre de papel ; Azul
500 _aDe 9 años en adelante.
501 _aIncluye cuaderno de actividades
650 1 4 _aAmistad
_v Cuentos infantiles.
_9105
650 1 4 _aCuentos infantiles ecuatorianos.
_98431
700 1 _aDíaz, Carlos Manuel,
_eil.
_98432
700 1 _aPuerta, Cristina,
_eed.
_98433
942 _2ddc
_cBK
999 _c11123
_d11123